000 00754nam a2200241 a 4500
001 000019302
005 20200929165957.0
008 100601s2000 sp 000 0 spa d
020 _a8430545794
040 _aDO-SdBNP
_bspa
_cBNPHU
082 _aR 220.3
_bB171d
100 1 _aBalasch Blanch, Enric
_941511
245 1 0 _aDiccionario bíblico /
_cEnric Balasch Blanch, Yolada Ruiz Arranz.
260 _aMadrid :
_bTikal Ediciones,
_c[2000?].
300 _a359 p. ;
_c22 cm.
490 1 _aEl gran libro de ...
504 _aBibliografía : p. 357-359
650 4 _aBiblia
_vDICCIONARIOS
_xEspañol
_941512
700 1 _aRuiz, Yolanda
_941513
830 3 _aEl gran libro de ...
_941514
910 _aValidado. Control de calidad BNPHU
049 _aBNPD
999 _c18820
_d18820